Statystyki dla Imiona Apostołów

Kliknij tutaj aby rozwiązać quiz!

Ogólne statystyki

  • Ten quiz został rozwiązany 9,554 razy
  • Średni wynik to 6 z 12

Statystyki odpowiedzi

Answer % Correct
Piotr
91%
Jan
85%
Judasz
80%
Mateusz
69%
Jakub
52%
Szymon
48%
Tomasz
44%
Andrzej
30%
Bartłomiej
21%
Filip
20%
Juda Tadeusz
9%

Rozkład punktacji

Percentyl według liczby udzielonych odpowiedzi

Procent ludzi z każdym wynikiem

Twoja historia wyników

Nie rozwiązałeś tego quizu